00761 a2200193 4500003000500000005001700005020001300022040000900035082001200044100003100056245008800087260002400175300001100199505017600210650002100386942002100407999001900428952012000447Nust20221222084500.0 a72125405 cNust a330,CHA aChalmers, James A.9105581 aEconomic Principles: macroeconomic theory / cJames A. Chalmers and Fred H. Leonard aNYbMacMillanc1969 a460 p. aIntroduction (Page-9), The Theory Of Production, Employment, And Prices (Page-43), Macroeconomic Policy (Page-189), Additional Considerations In Macroeconomics (Page-383). aEconomic9105582 2ddccBKk330,CHA c176630d176630 00102ddc4070aMCSbMCScGENd2016-12-12o330,CHApMCS6475r2016-12-08w2016-12-12yBKzAlmirah No.50, Shelf No.2